Bücher der Bibel – Sudden Death - Statistiken

Allgemein
  • Dieses Quiz wurde 1.297 mal gespielt
    1.081 seit der letzten Aktualisierung
  • Das Durchschnittsergebnis liegt bei 22 aus 59
Answers on the Grid
Answers color-coded by a green-red scale on the quiz's grid according to % correct below.
1. Buch Mose
2. Buch Mose
3. Buch Mose
4. Buch Mose
5. Buch Mose
6. Buch Mose
Josua
Richter
Rut
1. Samuel
2. Samuel
1. Könige
2. Könige
1. Chronik
2. Chronik
Esra
Nehemia
Ester
Hiob
Psalmen
Sprichwörter
Kohelet / Prediger
Hoheslied
Jesaja
Jeremia
Klagelieder
Ezechiel
Daniel
Hosea
Joël
Amos
Obadja
Jona
Micha
Nahum
Habakuk
Zefanja
Haggai
Sacharja
Maleachi
Matthäus
Markus
Lukas
Johannes
Judas
Jesus
Apostelgeschichte
Römer
Griechen
Pharisäer
Perser
1. Korinther
2. Korinther
Galater
Epheser
Philipper
Kolosser
1. Thessalonicher
2. Thessalonicher
3. Thessalonicher
1. Timotheus
2. Timotheus
Titus
Philemon
Offenbarung
Maria
Josef
Suren
Judäa
Paulus
1. Noah
2. Noah
3. Noah
Abel
12 Jünger
12 Propheten
Schöpfung
Kanon
Septuaginta
Tanach
Nebiim
Ketuvim
Tora
3. Chronik
Aramäer
Gott
Gandalf
Ron
Niemand
Kreuzzug
 
Antwortstatistiken
Antwort % Korrekt
1. Buch Mose
52%
2. Buch Mose
52%
Matthäus
52%
3. Buch Mose
51%
4. Buch Mose
51%
Lukas
49%
1. Korinther
48%
2. Korinther
48%
Johannes
48%
Markus
47%
Psalmen
46%
5. Buch Mose
45%
Römer
44%
Apostelgeschichte
43%
Hiob
43%
Jesaja
43%
Jeremia
42%
Offenbarung
42%
1. Könige
41%
1. Thessalonicher
40%
2. Könige
39%
Epheser
39%
1. Timotheus
38%
Philipper
38%
1. Chronik
37%
1. Samuel
37%
2. Thessalonicher
37%
Kolosser
37%
Richter
37%
Ester
36%
2. Timotheus
35%
Esra
35%
Galater
35%
Josua
35%
Rut
35%
Hoheslied
34%
2. Chronik
33%
2. Samuel
33%
Ezechiel
33%
Hosea
32%
Klagelieder
32%
Daniel
31%
Sprichwörter
31%
Amos
30%
Kohelet / Prediger
30%
Nehemia
30%
Habakuk
29%
Jona
29%
Sacharja
29%
Judas
28%
Micha
28%
Maleachi
27%
Titus
27%
Obadja
26%
Philemon
26%
Zefanja
26%
Haggai
23%
Joël
23%
Nahum
22%
Keine übereinstimmenden Quizze gefunden
Verteilung der Resultate
Anzahl Personen mit jedem Resultat
Perzentil nach korrekt beantworteten Fragen
Ihre Resultats-Entwicklung
Sie haben dieses Quiz seit der letzten Aktualisierung nicht gespielt